000 00327nam a22001337a 4500
008 170530b xxu||||| |||| 00| 0 eng d
020 _a9780131824317
041 _aeng
080 _24 ED
_a94
100 _a16
101 _aSHH
245 _aOUT MANY A HISTORY OF THE AMERICAN PEOPLE
_cFARAGHER.J.M
942 _2udc
_cBK
999 _c15008
_d15008